[Event "BCF-chT 9697 (4NCL)"]
[Site "England"]
[Date "1996.11.23"]
[Round "3.4"]
[White "Mah, Karl"]
[Black "Saunders, John C"]
[Result "1/2-1/2"]
[WhiteElo "2245"]
[BlackElo "2240"]
[PlyCount "58"]
[EventDate "1996.10.??"]
[EventType "team"]
[EventRounds "12"]
[EventCountry "ENG"]
[SourceTitle "EXT 1999"]
[Source "ChessBase"]
[SourceDate "1998.11.16"]
[SourceVersion "1"]
[SourceVersionDate "1998.11.16"]
[SourceQuality "1"]
[WhiteTeam "Bristol"]
[BlackTeam "SW Dragons"]
[WhiteTeamCountry "ENG"]
[BlackTeamCountry "ENG"]

1. d4 g6 2. c4 Bg7 3. Nc3 d6 4. e4 Nf6 5. f4 0-0 6. Nf3 c5 7. d5 e6 8. Be2 exd5 9. cxd5 Re8 10. e5 dxe5 11. fxe5 Ng4 12. Bg5 Qa5 13. 0-0 Nd7 14. d6 c4 15. Nd5 Ndxe5 16. Ne7+ Kh8 17. Nxc8 Rexc8 18. d7 Rd8 19. Nxe5 Nxe5 20. Bxd8 Rxd8 21. Qc2 Rxd7 22. Rad1 Rxd1 23. Rxd1 h5 24. a4 Qb4 25. Rc1 Bh6 26. Rd1 Bg7 27. Kh1 a6 28. Ra1 b6 29. Qc3 Qc5 1/2-1/2

[Event "WLS-ch"]
[Site "Cardiff"]
[Date "1996.??.??"]
[Round "6"]
[White "Price, Chris I"]
[Black "Saunders, John C"]
[Result "1/2-1/2"]
[WhiteElo "2135"]
[BlackElo "2245"]
[PlyCount "45"]
[EventDate "1996.??.??"]
[EventType "swiss"]
[EventRounds "6"]
[EventCountry "WLS"]
[SourceTitle "EXT 2000"]
[Source "ChessBase"]
[SourceDate "1999.11.16"]
[SourceVersion "1"]
[SourceVersionDate "1999.11.16"]
[SourceQuality "1"]

1. Nf3 g6 2. e4 Bg7 3. d4 d6 4. Nc3 Nf6 5. Be2 0-0 6. 0-0 c6 7. a4 Nbd7 8. e5 Ne8 9. Bf4 Qa5 10. exd6 Nxd6 11. Qd2 Nf6 12. Rfe1 Nd5 13. Bxd6 exd6 14. Nxd5 Qxd5 15. Bd3 Qh5 16. Qf4 Bg4 17. Be2 Rfe8 18. h3 Bxf3 19. Bxf3 Qa5 20. c3 d5 21. Re3 Qd8 22. Rae1 Rxe3 23. Qxe3 1/2-1/2

[Event "4NCL 9495 2nd Season"]
[Site "England"]
[Date "1995.05.20"]
[Round "11.4"]
[White "Saunders, John C"]
[Black "Wallace, Paul Anthony"]
[Result "1/2-1/2"]
[WhiteElo "2250"]
[BlackElo "2230"]
[PlyCount "89"]
[EventDate "1994.10.01"]
[EventType "team-tourn"]
[EventRounds "11"]
[EventCountry "GBR"]
[SourceTitle "EXT 2022"]
[Source "ChessBase"]
[SourceDate "2021.10.06"]
[SourceVersion "1"]
[SourceVersionDate "2021.10.06"]
[SourceQuality "1"]
[WhiteTeam "South Wales Dragons"]
[BlackTeam "Na Fianna"]
[WhiteTeamCountry "WLS"]
[BlackTeamCountry "IRL"]

1. c4 e5 2. Nc3 Nc6 3. g3 g6 4. Bg2 Bg7 5. e3 d6 6. Nge2 h5 7. d4 h4 8. d5 Nce7 9. e4 Bg4 10. Qd3 Nf6 11. f3 Bd7 12. g4 Nh7 13. Be3 f5 14. gxf5 gxf5 15. f4 Nf6 16. fxe5 dxe5 17. exf5 Bxf5 18. Ne4 Qd7 19. Nxf6+ Bxf6 20. Be4 Bxe4 21. Qxe4 Qf5 22. Nc3 h3 23. Rf1 Bh4+ 24. Kd2 Qxe4 25. Nxe4 0-0-0 26. Rf7 Rdg8 27. Rg1 Rxg1 28. Bxg1 Rg8 29. Bf2 Bxf2 30. Nxf2 Rg2 31. Ke3 Ng6 32. Nxh3 Rxh2 33. Nf2 Nf4 34. b4 b5 35. Ne4 bxc4 36. Nc5 Nxd5+ 37. Ke4 c6 38. Kxe5 Nxb4 39. Rxa7 Rxa2 40. Rxa2 Nxa2 41. Kd4 c3 42. Kd3 Kc7 43. Ne4 Kb6 44. Kc2 Kb5 45. Kb3 1/2-1/2

[Event "4NCL 9495 2nd Season"]
[Site "England"]
[Date "1995.03.18"]
[Round "9.6"]
[White "Saunders, John C"]
[Black "Headlong, Timothy"]
[Result "1/2-1/2"]
[WhiteElo "2250"]
[BlackElo "2195"]
[PlyCount "91"]
[EventDate "1994.10.01"]
[EventType "team-tourn"]
[EventRounds "11"]
[EventCountry "GBR"]
[SourceTitle "EXT 2022"]
[Source "ChessBase"]
[SourceDate "2021.10.06"]
[SourceVersion "1"]
[SourceVersionDate "2021.10.06"]
[SourceQuality "1"]
[WhiteTeam "South Wales Dragons"]
[BlackTeam "Witney"]
[WhiteTeamCountry "WLS"]
[BlackTeamCountry "ENG"]

1. e4 c6 2. d4 d5 3. Nd2 dxe4 4. Nxe4 Nd7 5. Nf3 Ngf6 6. Ng3 c5 7. c3 cxd4 8. Nxd4 e6 9. Bd3 Bc5 10. Bc2 0-0 11. 0-0 b6 12. Re1 Bb7 13. Qd3 g6 14. Bh6 Re8 15. h3 Qc7 16. Rad1 Rad8 17. Qe2 a6 18. Ne4 Nxe4 19. Bxe4 Bf8 20. Bxb7 Qxb7 21. Bg5 Rc8 22. Nf3 b5 23. Qd2 Nb6 24. Ne5 Bg7 25. Ng4 Nd5 26. Bh6 f6 27. Bxg7 Qxg7 28. Qe2 Rcd8 29. Qf3 f5 30. Ne5 Qc7 31. Qg3 Ne7 32. Nxg6 Qxg3 33. Nxe7+ Kf7 34. fxg3 Kxe7 35. Kf2 Kf6 36. Ke2 Rg8 37. Rxd8 Rxd8 38. Rd1 Rg8 39. Kf3 Rb8 40. Rd4 a5 41. Rd6 b4 42. b3 bxc3 43. Rc6 Rd8 44. Rxc3 Rd2 45. a4 h5 46. Rc5 1/2-1/2

[Event "4NCL 9495 2nd Season"]
[Site "England"]
[Date "1995.02.19"]
[Round "8.5"]
[White "Saunders, John C"]
[Black "Wade, Robert Graham"]
[Result "1/2-1/2"]
[WhiteElo "2250"]
[BlackElo "2295"]
[PlyCount "80"]
[EventDate "1994.10.01"]
[EventType "team-tourn"]
[EventRounds "11"]
[EventCountry "GBR"]
[SourceTitle "EXT 2022"]
[Source "ChessBase"]
[SourceDate "2021.10.06"]
[SourceVersion "1"]
[SourceVersionDate "2021.10.06"]
[SourceQuality "1"]
[WhiteTeam "South Wales Dragons"]
[BlackTeam "BCM"]
[WhiteTeamCountry "WLS"]
[BlackTeamCountry "ENG"]

1. e4 d6 2. d4 Nf6 3. Nd2 e5 4. c3 Nc6 5. Bb5 Bd7 6. Ngf3 Be7 7. 0-0 0-0 8. Ba4 exd4 9. cxd4 d5 10. e5 Ne4 11. Re1 Nxd2 12. Bxd2 Bg4 13. Bc3 Bh5 14. Qe2 Bg5 15. h3 Re8 16. g4 Bg6 17. Nxg5 Qxg5 18. Qe3 Qxe3 19. Rxe3 a6 20. b4 Red8 21. f4 Be4 22. Rc1 Na7 23. Bb3 c6 24. a4 Nc8 25. Be1 Re8 26. a5 Na7 27. Bc2 Bxc2 28. Rxc2 Nb5 29. Rd3 Nd6 30. Bg3 Ne4 31. Kg2 h5 32. f5 hxg4 33. hxg4 g5 34. Be1 Kg7 35. Rh3 Rh8 36. f6+ Kg6 37. Rxh8 Rxh8 38. Rb2 Re8 39. Kf1 Rh8 40. Kg2 Re8 1/2-1/2